| 000 | 01572nam0a2200361 4500 | ||
|---|---|---|---|
| 001 | RU\NLR\BIBL_A\012276543 | ||
| 005 | 20230109123952.0 | ||
| 010 |
_a978-5-386-13549-2 _93000 |
||
| 021 |
_aRU _bКН-П-20-011078 _9КН-П-20-0868 |
||
| 035 | _a(NLR Aleph) 012276543 | ||
| 035 | _a(RuMoRGB)010287816 | ||
| 090 |
_a11195622 _c11195622 |
||
| 100 | _a20200619d2020 u y0rusy50 ca | ||
| 101 | 0 | _arus | |
| 102 | _aRU | ||
| 105 | _aabzzzz||000zy | ||
| 181 | 0 |
_ai _baxxe |
|
| 182 | 0 | _an | |
| 200 | 1 |
_aТри дня в Москве _eкраткий путеводитель в рисунках _fСергей Чобан, Анна Мартовицкая _gКомитет по туризму города Москвы |
|
| 203 |
_aТекст _bвизуальный _cнепосредственный |
||
| 210 |
_aМосква _cРИПОЛ классик _d2020 |
||
| 215 |
_a162, [1] с. _cил., цв. ил., карт. _d15 |
||
| 225 | 1 | _aКраткий путеводитель в рисунках Сергея Чобана | |
| 333 | _a12+ | ||
| 607 |
_aМосква, город _jПутеводители _91187077 _3RU\NLR\AUTH\66160741 |
||
| 686 | 1 | _aД890(2Р-2М)я23 | |
| 700 | 1 |
_7ca _8rus _aЧобан _bС. Э. _f1962- _gСергей Энверович _9250684 _3RU\NLR\AUTH\770250740 |
|
| 701 | 1 |
_7ca _8rus _aМартовицкая _bА. В. _f1980- _gАнна Викторовна _9250689 _3RU\NLR\AUTH\770250745 |
|
| 942 | _cBOOK | ||
| 980 | _aNBR | ||
| 980 | _aNB | ||